Normal view
MARC view
Entry Personal Name
001 - CONTROL NUMBER
- control field: 15077
003 - CONTROL NUMBER IDENTIFIER
- control field: dpl
005 - DATE AND TIME OF LATEST TRANSACTION
- control field: 20100819112807.0
008 - FIXED-LENGTH DATA ELEMENTS
- fixed length control field: 100819|||a|||||| | ||| d
040 ## - CATALOGING SOURCE
- Original cataloging agency: dpl
- Transcribing agency: dpl
100 ## - HEADING--PERSONAL NAME
- Personal name: Rajesh, K.
670 ## - SOURCE DATA FOUND
- Source citation: Work cat.: (dpl)42381: Rajesh, K. , Computer networks with layers /, 2008
670 ## - SOURCE DATA FOUND
- Source citation: Work cat.: (dpl)42381: Rajesh, K. , Computer networks with layers /, 2008
